| 000 | 00464nam a22001811a 4500 | ||
|---|---|---|---|
| 001 | 10575 | ||
| 003 | OSt | ||
| 005 | 20260204212204.0 | ||
| 008 | 091202s1995||||-us||||||b||||||||||spa|| | ||
| 020 | _a0829705120 | ||
| 050 | _a220.07 P314a | ||
| 100 | _aPearlmon, Myer | ||
| 245 | _aA través de la biblia: libro por libro / Myer Pearlmon | ||
| 264 | _aEstados Unidos de América : Vida | ||
| 300 | _a347 p. | ||
| 650 | _aEstudios BíblicosÌ | ||
| 942 |
_2ddc _cBK |
||
| 999 |
_c10575 _d10575 |
||